Political ideas of the American Revolution : (Record no. 27599)
[ view plain ]
| 000 -LEADER | |
|---|---|
| fixed length control field | 00982nam a22002771a 4500 |
| 001 - CONTROL NUMBER | |
| control field | 27599 |
| 003 - CONTROL NUMBER IDENTIFIER | |
| rucl marc code | BD-RjUL |
| 005 - DATE AND TIME OF LATEST TRANSACTION | |
| control field | 20211209051157.0 |
| 008 - FIXED-LENGTH DATA ELEMENTS--GENERAL INFORMATION | |
| fixed length control field | 140325s1958 nyua b 001 0 eng d |
| 035 ## - SYSTEM CONTROL NUMBER | |
| System control number | (BD-RjUL)27673 |
| 040 ## - CATALOGING SOURCE | |
| Original cataloging agency | LC |
| Language of cataloging | eng |
| Transcribing agency | LC |
| Modifying agency | VDU |
| -- | -RjUL |
| 041 ## - LANGUAGE CODE | |
| Language code of text/sound track or separate title | eng |
| 082 00 - DEWEY DECIMAL CLASSIFICATION NUMBER | |
| Classification number | 973.31 |
| Author mark and year | ADP 1958 |
| 100 1# - MAIN ENTRY--PERSONAL NAME | |
| Personal name | Adams, Randolph G. |
| Fuller form of name | (Randolph Greenfield), |
| Dates associated with a name | 1892-1951. |
| 9 (RLIN) | 84755 |
| 245 10 - TITLE STATEMENT | |
| Title | Political ideas of the American Revolution : |
| Remainder of title | Britannic-American contributions to the problem of imperial organization, 1765 to 1775 / |
| Statement of responsibility, etc. | Randolph G. Adams. |
| 250 ## - EDITION STATEMENT | |
| Edition statement | 3d ed., |
| 260 ## - PUBLICATION, DISTRIBUTION, ETC. (IMPRINT) | |
| Place of publication, distribution, etc. | New York : |
| Name of publisher, distributor, etc. | Barnes & Noble, |
| Date of publication, distribution, etc. | 1958. |
| 300 ## - PHYSICAL DESCRIPTION | |
| Pagination | vii, 216 p. : |
| Illustrations | ill. ; |
| Size | 21 cm. |
| 504 ## - BIBLIOGRAPHY, ETC. NOTE | |
| Bibliography, etc | Includes bibliographical references and index. |
| 651 #0 - SUBJECT ADDED ENTRY--GEOGRAPHIC NAME | |
| Geographic name | United States |
| General subdivision | History |
| Chronological subdivision | Revolution, 1775-1783 |
| General subdivision | Causes. |
| 9 (RLIN) | 71258 |
| Geographic name | Great Britain |
| General subdivision | Colonies |
| Geographic subdivision | America. |
| 9 (RLIN) | 84756 |
| 942 ## - ADDED ENTRY ELEMENTS (KOHA) | |
| Source of classification or shelving scheme | Dewey Decimal Classification |
| Koha item type | Books |
| Lost status | Source of classification or shelving scheme | Damaged status | Not for loan | Collection code | Permanent Location | Current Location | Shelving location | Date acquired | Source of acquisition | Total Checkouts | Full call number | Date last seen | Copy number | Koha item type |
|---|---|---|---|---|---|---|---|---|---|---|---|---|---|---|
| Dewey Decimal Classification | Non-fiction | Central Library, University of Rajshahi | Central Library, University of Rajshahi | Reading Room | 28/09/1959 | Asia Foundation, Gift. | 973.31 ADP 1958 | 25/03/2014 | C-1 | Books | ||||
| Dewey Decimal Classification | Non-fiction | Central Library, University of Rajshahi | Central Library, University of Rajshahi | 25/07/1962 | Asia Foundation, Gift. | 973.31 ADP 1958 | 07/04/2014 | C-3 | Books |